Diagnóstico social : (Record no. 105247)
[ view plain ]
| 000 -CABECERA | |
|---|---|
| campo de control de longitud fija | 00854nam a2200241 a 4500 |
| 005 - FECHA Y HORA DE LA ÚLTIMA TRANSACCIÓN | |
| campo de control | 20210223125345.0 |
| 008 - ELEMENTOS DE LONGITUD FIJA--INFORMACIÓN GENERAL | |
| campo de control de longitud fija | 040423s2001 ag r 000 0 spa d |
| 020 ## - NÚMERO INTERNACIONAL NORMALIZADO PARA LIBROS | |
| Número Internacional Estándar del Libro | 9507244808 |
| 035 ## - NÚMERO DE CONTROL DEL SISTEMA | |
| Número de control de sistema | UPN01000133094 |
| 049 ## - COLECCIÓN | |
| Colección | CG |
| 050 #4 - SIGNATURA TOPOGRÁFICA DE LA BIBLIOTECA DEL CONGRESO | |
| Número de clasificación | HV40 |
| Número de documento/Ítem | A4.3 2001 |
| 100 1# - ASIENTO PRINCIPAL--NOMBRE PERSONAL | |
| Nombre de persona | Aguilar Idáñez, María José |
| 9 (RLIN) | 28676 |
| 245 10 - MENCIÓN DE TÍTULO | |
| Título | Diagnóstico social : |
| Resto del título | conceptos y metodología / |
| Mención de responsabilidad, etc. | María José Aguilar Idáñez, Ezequiel Ander-Egg. |
| 250 ## - MENCIÓN DE EDICIÓN | |
| Mención de edición | 2a ed. rev. y aum. |
| 260 ## - PUBLICACIÓN, DISTRIBUCIÓN, ETC. | |
| Lugar de publicación, distribución, etc. | Buenos Aires : |
| Nombre del editor, distribuidor, etc. | Lumen-Hvmanitas, |
| Fecha de publicación, distribución, etc. | 2001. |
| 300 ## - DESCRIPCIÓN FÍSICA | |
| Extensión | 140 p. : |
| Otras características físicas | cuadros |
| 440 #0 - MENCIÓN DE SERIE/ASIENTO SECUNDARIO--TÍTULO | |
| Título | Política, servicios y trabajo social |
| 590 ## - NOTA LOCAL (RLIN) | |
| Nota local | (También localizas un ejemplar en el "Area de Reserva") |
| 590 ## - NOTA LOCAL (RLIN) | |
| Nota local | Bibliografía Básica (BGTQ) |
| 650 #4 - ASIENTO SECUNDARIO DE MATERIA - TERMINO TEMATICO | |
| Término de materia o nombre geográfico como elemento de entrada | SERVICIO SOCIAL - |
| Subdivisión general | INVESTIGACION |
| 9 (RLIN) | 17418 |
| 700 1# - ASIENTO SECUNDARIO--NOMBRE DE PERSONAL | |
| Nombre de persona | Ander-Egg, Ezequiel, |
| Fechas asociadas al nombre | 1930- |
| Término indicativo de función/relación | coaut. |
| 9 (RLIN) | 28724 |
| 905 ## - TIPO DE MATERIAL | |
| Tipo de material | Libro |
| Estado de retiro | Estado de pérdida | Fuente del sistema de clasificación o colocación | Estado dañado | No para préstamo | Código de colección | Localización permanente | Ubicación/localización actual | Ubicación en estantería | Fecha de adquisición | Total de préstamos | Renovaciones totales | Clasificación | Código de barras | Fecha visto por última vez | Fecha del último préstamo | Número de copia | Tipo de ítem Koha | Restricciones de uso |
|---|---|---|---|---|---|---|---|---|---|---|---|---|---|---|---|---|---|---|
| Library of Congress Classification | Colección General | Bib. Gregorio Torres Quintero | Bib. Gregorio Torres Quintero | Planta baja | 01/02/2024 | 16 | 1 | HV40 A4.3 2001 | 223503 | 09/02/2024 | 01/02/2024 | 1 | Libro | |||||
| Library of Congress Classification | En restauración | Colección General | Bib. Gregorio Torres Quintero | Bib. Gregorio Torres Quintero | Planta baja | 30/01/2024 | 13 | HV40 A4.3 2001 | 217215 | 01/02/2024 | 30/01/2024 | 1 | Libro | |||||
| Library of Congress Classification | Bibliografía básica | Bib. Gregorio Torres Quintero | Bib. Gregorio Torres Quintero | Colecciones especiales Planta alta | 30/01/2023 | HV40 A4.3 2001 | 236708 | 31/12/2020 | 1 | Libro por horas | Préstamo por horas | |||||||
| Library of Congress Classification | Colección General | Bib. Gregorio Torres Quintero | Bib. Gregorio Torres Quintero | Planta baja | 12/09/2023 | 8 | 1 | HV40 A4.3 2001 | 217214 | 20/01/2026 | 16/01/2026 | 1 | Libro | |||||
| Library of Congress Classification | Colección General | Bib. Gregorio Torres Quintero | Bib. Gregorio Torres Quintero | Planta baja | 01/02/2023 | 29 | HV40 A4.3 2001 | 217213 | 16/01/2026 | 15/01/2026 | 1 | Libro |
